000
00303nam a22001457a 4500
008
230324b ||||| |||| 00| 0 eng d
020
_a
9780195098655
041
_a
eng
080
_a
61
082
_a
61BET
100
_a
25
101
_a
PSI
245
_a
HUMAN NATURE
_c
BETZIG .L
942
_2
udc
_c
BK
999
_c
59434
_d
59434